| 000 | 00000nam 2200000zi 4500 |
| 001 | 9.941710 |
| 003 | CaOODSP |
| 005 | 20250108110012 |
| 006 | m o d f |
| 007 | cr cn |||||||| |
| 008 | 240809t20242024onc o f000 0 fre d |
| 020 | |a9780660731056 |
| 040 | |aCaOODSP|bfre|erda|cCaOODSP |
| 043 | |an-cn--- |
| 086 | 1 |aH144-134/2024F-PDF |
| 245 | 00|aSoins de santé communautaires pendant une chaleur accablante : |bmaladies provoquées par la chaleur : prévention et soins préliminaires. |
| 264 | 1|a[Ottawa] : |bSanté Canada = Health Canada, |c[2024] |
| 264 | 4|c©2024 |
| 300 | |a1 ressource en ligne (2 pages non numérotées) |
| 336 | |atexte|btxt|2rdacontent/fre |
| 337 | |ainformatique|bc|2rdamedia/fre |
| 338 | |aressource en ligne|bcr|2rdacarrier/fre |
| 500 | |aPublié aussi en anglais sous le titre : Community care during extreme heat : heat illness : prevention and preliminary care. |
| 500 | |a« Pub. : 240469. » |
| 650 | 6|aChaleur|zCanada|xSécurité|xMesures. |
| 650 | 6|aChaleur|xAspect sanitaire|zCanada. |
| 650 | 6|aChaleur|xEffets physiologiques|zCanada. |
| 650 | 6|aÉpuisement par la chaleur|zCanada|xPrévention. |
| 710 | 1 |aCanada. |bSanté Canada, |eorganisme de publication. |
| 775 | 08|tCommunity care during extreme heat : |w(CaOODSP)9.941711 |
| 795 | |tSoins de santé communautaires pendant une chaleur accablante : |w(CaOODSP)9.640364 |
| 856 | 40|qPDF|s603 Ko|uhttps://publications.gc.ca/collections/collection_2025/sc-hc/H144-134-2024-fra.pdf |
| 856 | 4 |qHTML|sS.O.|uhttps://www.canada.ca/fr/sante-canada/services/sante-environnement-milieu-travail/rapports-publications/changement-climatique-sante/soins-sante-communautaires-pendant-chaleur-accablante-maladies-provoquees-chaleur-prevention-soins-preliminaires-sante-canada-2011.html |